| 000 | 01136nam a2200217Ia 4500 | ||
|---|---|---|---|
| 003 | Ost | ||
| 005 | 20260507075045.0 | ||
| 008 | 260507s9999||||xx |||||||||||||| ||und|| | ||
| 020 | _a79775125197 | ||
| 040 | _cfsecg | ||
| 041 | _aara | ||
| 082 | _a332.72 | ||
| 100 |
_aالمصري، محمد محمود _eمؤلف |
||
| 245 | 0 |
_aأحكام الشيك مدنيا وجنائيا في ضوء قانون التجارة الجديد / _c محمد محمود المصري |
|
| 260 |
_aالإسكندرية: _bالمكتب العربي الحديث, _c2000 |
||
| 300 |
_a1077 صفحة؛ _bإيضاحات ؛ _c24 سم |
||
| 520 | _aنظرة عامة في أحكام الشيك في مصر والبلاد العربية- أحكام الشيك في القانون التجاري المصري القديم- عمليات البنوك من الوجهة القانونية بالنسبة للشيك- أحكام الشيك في بعض البلاد العربية- أحكام الشيك في قانون التجارة الجديد رقم17 سنة 1999 | ||
| 653 | _aالشيكات | ||
| 653 | _aالقاون التجاري | ||
| 942 | _cكتاب | ||
| 999 |
_c42560 _d42560 |
||